[Event "Titled Tue 24th Jun Early"]
[Site "chess.com INT"]
[Date "2025.06.24"]
[Round "9"]
[White "Medina, VInce Angelo"]
[Black "Materia, Marco"]
[Result "0-1"]
[BlackTitle "IM"]
[WhiteElo "2138"]
[BlackElo "2489"]
[WhiteFideId "5205069"]
[BlackFideId "45150451"]
[EventDate "2025.06.24"]

1. d4 Nf6 2. Bg5 d5 3. Bxf6 gxf6 4. e3 e5 5. c3 Be6 6. Nf3 Nd7 7. Qb3 Rb8 8.
Nbd2 Bd6 9. Be2 b5 10. O-O O-O 11. Qc2 Kh8 12. e4 c6 13. Rfe1 Rg8 14. Rad1 Qc7
15. Bd3 Rg7 16. g3 Bg4 17. Be2 b4 18. Nf1 bxc3 19. bxc3 dxe4 20. Qxe4 f5 21. Qc2
e4 22. Nh4 Bh3 23. Qd2 f4 24. Bc4 e3 25. Nxe3 fxe3 26. Qxe3 Nb6 27. Bb3 Bg4 28.
Rb1 Nd5 29. Qd2 Be7 30. Ng2 Bf5 31. Rbd1 Bg5 32. f4 Bf6 33. c4 Nb6 34. Ne3 Bh3
35. c5 Nd7 36. Qf2 Rd8 37. Nc4 Bg4 38. Rd3 Nf8 39. Nd6 Qd7 40. Re4 Be6 41. Bxe6
fxe6 42. Rde3 Be7 43. Nc4 Qd5 44. Ne5 Rb8 45. Re1 Kg8 46. h3 Bf6 47. Kg2 Bxe5
48. fxe5 Rf7 49. Qe2 Rfb7 50. Qg4+ Kh8 51. Re2 Rb2 52. h4 Qxa2 53. Kh3 Rxe2 54.
Rxe2 Qd5 55. Rf2 Qh1+ 56. Rh2 Qf1+ 57. Rg2 Rb2 58. Qe4 Qh1+ 59. Kg4 Qxg2 60. Qf4
Qe2+ 61. Kg5 Qd2 62. Kf6 Qxf4+ 63. gxf4 Kg8 64. Ke7 Rd2 65. f5 exf5 0-1

[Event "Titled Tue 24th Jun Early"]
[Site "chess.com INT"]
[Date "2025.06.24"]
[Round "9"]
[White "Vasquez Schroeder, Rodrigo"]
[Black "Le, Tuan Minh"]
[Result "0-1"]
[WhiteTitle "GM"]
[BlackTitle "GM"]
[WhiteElo "2446"]
[BlackElo "2598"]
[WhiteFideId "3400042"]
[BlackFideId "12401153"]
[EventDate "2025.06.24"]

1. e4 e5 2. Nf3 Nc6 3. Bb5 a6 4. Ba4 Bc5 5. O-O Nge7 6. c3 Ng6 7. d4 Ba7 8. Bg5
f6 9. Be3 O-O 10. d5 Nce7 11. Bxa7 Rxa7 12. d6 cxd6 13. Qxd6 b5 14. Bb3+ Kh8 15.
Rd1 Rb7 16. Na3 Rb6 17. Qd2 f5 18. exf5 Rxf5 19. Qe3 Rbf6 20. Ng5 Nf4 21. Ne4
Rg6 22. g3 Bb7 23. f3 Nh3+ 24. Kg2 Ng5 25. Nxg5 Rgxg5 26. Rf1 Ng6 27. Kg1 Nh4
28. Bd1 h6 29. Nc2 Qf6 30. Ne1 Qg6 31. Kf2 Nxf3 32. Nxf3 e4 33. Kg2 exf3+ 34.
Bxf3 Rxf3 35. Rxf3 Rf5 36. Rf1 Qf7 37. b3 Bc6 38. g4 Rxf3 39. Rxf3 Qg6 40. Kg3
Bxf3 41. Qxf3 Qd6+ 42. Kh3 Qd2 43. a4 bxa4 44. bxa4 a5 45. Qf8+ Kh7 46. Qf5+ Kg8
47. Qf3 d5 48. Kg3 Qe1+ 49. Kg2 Qd2+ 50. Kg3 Qa2 51. Qd3 Qb3 52. Kf3 Qxa4 53.
Qxd5+ Kh8 54. c4 Qb3+ 55. Kf4 a4 56. Qd8+ Kh7 57. Qd4 Qb8+ 58. Ke4 Qa8+ 59. Qd5
Qe8+ 60. Kd3 a3 61. Kc3 Qe3+ 62. Kc2 Qe2+ 63. Kc3 Qb2+ 64. Kd3 Qb1+ 65. Kc3 a2 0-1

[Event "Titled Tue 24th Jun Early"]
[Site "chess.com INT"]
[Date "2025.06.24"]
[Round "9"]
[White "Harshit, Ranjan Sahu"]
[Black "Kezin, Roman"]
[Result "0-1"]
[WhiteTitle "CM"]
[BlackTitle "IM"]
[WhiteElo "2191"]
[BlackElo "2471"]
[WhiteFideId "25638815"]
[BlackFideId "24124621"]
[EventDate "2025.06.24"]

1. e4 c5 2. Nc3 Nc6 3. f4 g6 4. Nf3 Bg7 5. Bc4 e6 6. O-O Nge7 7. d3 O-O 8. Qe1
d5 9. Bb3 Na5 10. Bd2 Nxb3 11. axb3 b6 12. Kh1 Bb7 13. Nd1 Qc7 14. Bc3 d4 15.
Bd2 a5 16. Nf2 f5 17. Ng5 Qd7 18. Nf3 Rae8 19. Qe2 Nc6 20. Nh3 e5 21. fxe5 Nxe5
22. Nxe5 Rxe5 23. Bf4 Ree8 24. Nf2 Re6 25. Rae1 Rfe8 26. Qf3 Bc6 27. Qh3 Qb7 28.
Bh6 fxe4 29. Bxg7 Kxg7 30. dxe4 Bxe4 31. Nxe4 Rxe4 32. Rxe4 Rxe4 33. Qf3 Qe7 34.
h3 Re1 35. Rxe1 Qxe1+ 36. Kh2 Qe5+ 37. Kh1 Qe6 38. Qb7+ Kh6 39. Qb8 Qf5 40. Qxb6
Qxc2 41. Qf6 Qf5 42. Qh4+ Kg7 43. Qe7+ Kg8 44. Qe8+ Qf8 45. Qe6+ Kg7 46. Qe5+
Kh6 47. h4 Qf2 48. Qg5+ Kg7 49. Qe7+ Qf7 50. Qxc5 Qf1+ 51. Kh2 Qf4+ 52. Kh3 Qf5+
53. Qxf5 gxf5 54. Kg3 Kf6 55. Kf4 h5 56. g3 Ke6 57. Kf3 Ke5 0-1

[Event "Titled Tue 24th Jun Early"]
[Site "chess.com INT"]
[Date "2025.06.24"]
[Round "9"]
[White "Vaganian, Rafael A"]
[Black "Jake Shanty"]
[Result "0-1"]
[WhiteTitle "GM"]
[BlackTitle "FM"]
[WhiteElo "2449"]
[BlackElo "2252"]
[WhiteFideId "13300016"]
[BlackFideId "33478066"]
[EventDate "2025.06.24"]

1. d4 Nf6 2. Nf3 g6 3. g3 Bg7 4. c4 O-O 5. Bg2 d6 6. Nc3 Nbd7 7. O-O e5 8. e4
exd4 9. Nxd4 Re8 10. h3 Nc5 11. Re1 a5 12. Ndb5 Be6 13. b3 Qd7 14. Kh2 Rad8 15.
Be3 c6 16. Nxd6 Qxd6 17. Qxd6 Rxd6 18. Bxc5 Rd3 19. Rac1 Rxc3 20. Rxc3 Nd7 21.
e5 Nxc5 22. f4 Rd8 23. Rcc1 Rd2 24. Rcd1 Rxa2 25. Rd8+ Bf8 26. Red1 Kg7 27. Re8
Nxb3 28. Rdd8 Bc5 29. g4 Be3 30. Kg3 Rxg2+ 31. Kxg2 Bxf4 32. Rg8+ Kh6 33. Kf3
Bg5 34. Rb8 Nd2+ 35. Kg3 Ne4+ 36. Kf3 Nc5 37. Kg3 Bd2 38. h4 Be1+ 39. Kh3 Ne4
40. Rxb7 Nf2+ 41. Kg2 Nxg4 42. Rc7 Nxe5 43. Ra8 Bxh4 44. Rxa5 Bf6 45. Ra1 Bxc4
46. Rc8 Kg7 47. Raa8 Bd5+ 48. Kg3 Kh6 49. Kf4 Be6 50. Rg8 c5 51. Ra3 c4 52. Rg3
Nd3+ 53. Ke3 Ne5 54. Kf4 g5+ 55. Ke4 Ng6 56. Rg1 c3 57. Rh1+ Nh4 58. Rf1 Bg7 59.
Kd3 Kg6 0-1

[Event "Titled Tue 24th Jun Early"]
[Site "chess.com INT"]
[Date "2025.06.24"]
[Round "9"]
[White "Ughuzov, Ravan"]
[Black "Askarov, Bakhtiyar"]
[Result "0-1"]
[WhiteTitle "FM"]
[BlackTitle "IM"]
[WhiteElo "2295"]
[BlackElo "2297"]
[WhiteFideId "13419315"]
[BlackFideId "13701100"]
[EventDate "2025.06.24"]

1. e4 e6 2. d4 d5 3. Nd2 dxe4 4. Nxe4 Bd7 5. Nf3 Bc6 6. Bd3 Nd7 7. O-O Ngf6 8.
Ned2 Be7 9. Re1 O-O 10. Ne5 Nxe5 11. dxe5 Nd7 12. Qg4 Nc5 13. Re3 Nxd3 14. Rxd3
Qc8 15. Nf1 Rd8 16. Rg3 g6 17. Bh6 b6 18. h4 Qa6 19. h5 Qa4 20. c4 Qc2 21. hxg6
hxg6 22. Bg5 Bxg5 23. Qxg5 Qf5 24. Qh6 Qxe5 25. Re1 Qg7 26. Qf4 Rac8 27. Rg4 Bd7
28. Rg5 Be8 29. Rg4 c5 30. Qg3 Rd4 31. Ne3 Rcd8 32. b3 Qh6 33. Qc7 R4d7 34. Qe5
Qg7 35. Qg3 Rd4 36. Qc7 f5 37. Qxg7+ Kxg7 38. Rxd4 cxd4 39. Nd1 Kf6 40. f4 Bc6
41. Nf2 d3 42. Rd1 d2 43. Kf1 e5 44. Ke2 Bxg2 45. fxe5+ Kxe5 46. Nd3+ Kf6 47.
Rxd2 Be4 48. Nf2 Rxd2+ 49. Kxd2 Ke5 50. Ke3 g5 51. Nh3 f4+ 52. Kd2 Kf5 53. Nf2
g4 54. b4 g3 55. Nh3 f3 56. Ke3 f2 57. Nxf2 gxf2 58. Kxf2 Ke5 59. Ke3 Bb1 60. a3
Ba2 61. c5 b5 62. Kd2 Kd4 63. Kc2 Bd5 64. Kb2 Kd3 65. a4 a6 66. axb5 axb5 67.
Ka3 Kc3 68. c6 Bxc6 69. Ka2 Kxb4 0-1

[Event "Titled Tue 24th Jun Early"]
[Site "chess.com INT"]
[Date "2025.06.24"]
[Round "9"]
[White "Stojanovski, Sandi"]
[Black "Cuenca Jimenez, Jose Fernando"]
[Result "1/2-1/2"]
[WhiteTitle "FM"]
[BlackTitle "GM"]
[WhiteElo "2169"]
[BlackElo "2487"]
[WhiteFideId "1403249"]
[BlackFideId "2255570"]
[EventDate "2025.06.24"]

1. d3 c5 2. Nf3 Nc6 3. g3 g6 4. Bg2 Bg7 5. O-O e5 6. c4 Nge7 7. Nc3 O-O 8. Rb1
d6 9. a3 a6 10. b4 cxb4 11. axb4 b5 12. cxb5 axb5 13. Nxb5 Rb8 14. Nc3 Rxb4 15.
Rxb4 Nxb4 16. Ba3 Nbc6 17. Nb5 Qa5 18. Qb1 Ba6 19. Bxd6 Bxb5 20. Ng5 h6 21. Ne4
Rd8 22. Bxe7 Nxe7 23. Nc5 Bc6 24. Nb7 Bxb7 25. Qxb7 Nf5 26. e3 Rxd3 27. Be4 Rd8
28. Bxf5 gxf5 29. Qf3 e4 30. Qh5 Qe5 31. Kg2 Qe6 32. Rd1 Qg6 33. Rxd8+ Kh7 34.
Qxg6+ fxg6 35. Rd5 h5 36. Rb5 Kh6 37. Kf1 Kg5 38. Ke2 Kg4 39. Rb7 Bf6 40. Kf1
Kg5 41. Kg1 h4 42. Kg2 hxg3 43. hxg3 Kg4 44. Kf1 Kg5 45. Ke2 Be5 46. Rb6 Bf6 47.
Rc6 Be5 48. Kf1 Bg7 49. Kg2 Be5 50. Kh3 Bg7 51. Rc8 Be5 52. Re8 Bc3 53. Re6 Be1
54. Kg2 Bc3 55. f4+ exf3+ 56. Kxf3 Bg7 57. Rc6 Bb2 58. Rc5 Kf6 59. Rb5 Bc3 60.
g4 Ba1 61. Kf4 fxg4 62. Kxg4 Bc3 63. Kf3 g5 64. e4 Be5 65. Kg4 Bf4 66. Rf5+ Ke6
67. Kf3 Kd6 68. Ke2 Ke6 69. Kf3 Kd6 70. Kg4 Ke6 71. Kh5 Ke7 72. Kg6 Ke6 73. Rd5
Be3 74. Kh5 Bf4 75. Kg4 Kf6 76. Rf5+ Ke6 1/2-1/2

[Event "Titled Tue 24th Jun Early"]
[Site "chess.com INT"]
[Date "2025.06.24"]
[Round "9"]
[White "Zong, Davis"]
[Black "Karpenko, Anton"]
[Result "1-0"]
[WhiteTitle "FM"]
[BlackTitle "CM"]
[WhiteElo "2242"]
[BlackElo "2219"]
[WhiteFideId "30903955"]
[BlackFideId "34374353"]
[EventDate "2025.06.24"]

1. d4 Nf6 2. c4 c5 3. d5 e6 4. Nc3 exd5 5. cxd5 d6 6. e4 g6 7. h3 Bg7 8. Bd3 O-O
9. Nf3 b5 10. Bxb5 Nxe4 11. Nxe4 Qa5+ 12. Nfd2 Qxb5 13. Nxd6 Qa6 14. N2c4 Nd7
15. O-O Ne5 16. Nxc8 Raxc8 17. Nxe5 Bxe5 18. Re1 Bd4 19. Qe2 Qd6 20. Qc4 Rfe8
21. Be3 Bxb2 22. Rab1 Bg7 23. Rb7 Re7 24. Reb1 Rd7 25. Qg4 Rcd8 26. Rxd7 Rxd7
27. Bxc5 Qxd5 28. Rb8+ Rd8 29. Rxd8+ Qxd8 30. Bxa7 h5 31. Qe2 Qc7 32. Be3 Be5
33. g3 h4 34. gxh4 Qd7 35. Kg2 Qd5+ 36. Kg1 Qe4 37. h5 Qb1+ 38. Kg2 Qe4+ 39. Qf3
Qc4 40. hxg6 fxg6 41. Qa8+ Kh7 42. a4 Bc3 43. a5 g5 44. a6 g4 45. Qb7+ Kg6 46.
Qb6+ Kh7 47. Qb7+ Kg6 48. Qb6+ Kh7 49. hxg4 Qxg4+ 50. Kf1 Qd1+ 51. Kg2 Qg4+ 52.
Kh2 Be5+ 53. f4 Bxf4+ 54. Bxf4 Qxf4+ 55. Kg2 Qg4+ 56. Kf2 Qf4+ 57. Ke2 Qe4+ 58.
Kd2 Qd5+ 59. Kc3 Qf3+ 60. Kc4 Qe4+ 61. Kc5 Qe5+ 62. Kc6 Qe6+ 63. Kb7 Qd5+ 64.
Qc6 Qb3+ 65. Kc8 Qg8+ 66. Kb7 Qb3+ 67. Ka8 Qg8+ 68. Ka7 Qg1+ 69. Qb6 Qf1 70. Ka8
Qf3+ 71. Qb7+ 1-0

[Event "Titled Tue 24th Jun Early"]
[Site "chess.com INT"]
[Date "2025.06.24"]
[Round "9"]
[White "Dyulgerov, Volen"]
[Black "Aranda, Juan Manuel"]
[Result "1-0"]
[WhiteTitle "CM"]
[BlackTitle "CM"]
[WhiteElo "2200"]
[BlackElo "2134"]
[WhiteFideId "2918978"]
[BlackFideId "160458"]
[EventDate "2025.06.24"]

1. e4 d6 2. d4 Nf6 3. Nc3 g6 4. h4 h5 5. Nh3 Bxh3 6. Rxh3 Bg7 7. Bc4 c6 8. Bg5
Nbd7 9. Re3 b5 10. Bb3 a5 11. a3 Qc7 12. e5 dxe5 13. dxe5 Nxe5 14. Qe2 Nfg4 15.
Re4 f5 16. Rd4 Rd8 17. O-O-O Rxd4 18. Rxd4 b4 19. axb4 axb4 20. Rxb4 Bf6 21. Bf4
Kf8 22. f3 Nh6 23. Ra4 Kg7 24. Qe3 Nhf7 25. Ra7 Qd6 26. Kb1 Rd8 27. Ne2 Qb4 28.
Ra4 Rd1+ 29. Ka2 Qb5 30. Nd4 Rxd4 31. Rxd4 c5 32. Rd5 Qa6+ 33. Kb1 c4 34. Bxe5
Nxe5 35. Rxe5 cxb3 36. Rxe7+ Bxe7 37. Qxe7+ Kh6 38. Qg5+ Kh7 39. Qe7+ Kh6 40.
Qe3+ Kh7 41. Qxb3 Qf1+ 42. Ka2 Qxg2 43. Qf7+ Kh6 44. Qf8+ Kh7 45. Qe7+ Kh6 46.
Qe3+ Kh7 47. b4 Qxc2+ 48. Ka3 Qc6 49. Qd3 Qb6 50. b5 Qa5+ 51. Kb3 Qb6 52. Qd7+
Kh6 53. Qc6 Qe3+ 54. Ka4 Qf4+ 55. Ka5 Qxh4 56. b6 Qe1+ 57. Ka6 Qa1+ 58. Kb7 h4
59. Kc7 h3 60. b7 Qe5+ 61. Qd6 Qa5+ 62. Kc8 Qc3+ 63. Qc7 Qh8+ 64. Kd7 Qg7+ 65.
Ke6 1-0

[Event "Titled Tue 24th Jun Early"]
[Site "chess.com INT"]
[Date "2025.06.24"]
[Round "9"]
[White "Burovic, Rijad"]
[Black "Cahaya, Satria Duta"]
[Result "0-1"]
[WhiteTitle "IM"]
[BlackTitle "FM"]
[WhiteElo "2420"]
[BlackElo "2386"]
[WhiteFideId "14407701"]
[BlackFideId "7124252"]
[EventDate "2025.06.24"]

1. e4 c5 2. d3 Nc6 3. g3 g6 4. Bg2 Bg7 5. f4 d6 6. Nf3 Nf6 7. O-O O-O 8. Nc3 Rb8
9. h3 b5 10. g4 b4 11. Ne2 a5 12. Be3 a4 13. Rb1 Ba6 14. Ng3 Qa5 15. Rf2 d5 16.
e5 Ne8 17. b3 Nc7 18. h4 axb3 19. axb3 c4 20. Ra1 Qb5 21. dxc4 dxc4 22. Bf1 Qb7
23. bxc4 f6 24. exf6 Bxf6 25. Rb1 Bc3 26. h5 Rbd8 27. Qc1 e5 28. f5 Nd4 29. Bg2
Qb6 30. hxg6 hxg6 31. Nxe5 Qd6 32. Bf4 g5 33. Nf7 Qc5 34. Nxd8 gxf4 35. Qxf4
Rxd8 36. Qg5+ Kf7 37. Qxd8 Bxc4 38. g5 Bd2 39. g6+ Kg7 40. Nh5+ Kh6 41. Qh8+ Kg5
42. Ng3 Bd5 43. g7 Be3 44. g8=Q+ Bxg8 45. Qxg8+ Kf6 46. Qg6+ Ke5 47. Re1 Nxc2
48. Qg7+ Kd6 49. Qf6+ Kd7 50. Rxe3 Qxe3 51. Nf1 Qc5 52. Qf7+ Kc8 53. Qh5 Nd4 54.
Qd1 b3 55. Ne3 Ndb5 56. Nd5 b2 57. Nxc7 Qc1 58. Rf1 Qc5+ 59. Rf2 Nc3 60. Qd2
b1=Q+ 61. Bf1 Qxc7 62. f6 Qg6+ 63. Rg2 Qc5+ 64. Qf2 Qxf2+ 65. Kxf2 Qxf6+ 66. Kg1
Qd4+ 67. Rf2 Ne4 0-1

[Event "Titled Tue 24th Jun Early"]
[Site "chess.com INT"]
[Date "2025.06.24"]
[Round "9"]
[White "Nitish, Belurkar"]
[Black "Zhigalko, Sergei"]
[Result "1/2-1/2"]
[WhiteTitle "IM"]
[BlackTitle "GM"]
[WhiteElo "2454"]
[BlackElo "2572"]
[WhiteFideId "5084768"]
[BlackFideId "13502956"]
[EventDate "2025.06.24"]

1. e4 c5 2. Nf3 Nc6 3. d4 cxd4 4. Nxd4 Nf6 5. Nc3 e5 6. Ndb5 d6 7. Bg5 a6 8. Na3
b5 9. Nab1 Rb8 10. Bd3 Be7 11. O-O Nd7 12. Be3 Bg5 13. Bxg5 Qxg5 14. Nd2 Nc5 15.
Nd5 O-O 16. f4 exf4 17. Rxf4 Be6 18. Nf3 Qd8 19. Ne3 Ne5 20. Nxe5 dxe5 21. Rf3
Qd4 22. b3 Bg4 23. c3 Bxf3 24. cxd4 Bxd1 25. dxc5 Bh5 26. Nd5 Bg4 27. c6 Rfc8
28. Ne7+ Kf8 29. Nxc8 Rxc8 30. a4 Rxc6 31. axb5 axb5 32. Bxb5 Rb6 33. Ra8+ Ke7
34. Bc4 Be6 35. Ra4 Bxc4 36. bxc4 Rb2 37. Kf1 Kd6 38. Ra6+ Ke7 39. Ra5 Ke6 40.
Ra6+ Ke7 41. Rc6 Rc2 42. h3 h5 43. Rc5 Ke6 44. Rc6+ Kd7 45. Rc5 Kd6 46. Rc8 h4
47. Kg1 g5 48. Kf1 Kd7 49. Rc5 f6 50. Rd5+ Ke7 51. Rc5 Kd6 52. Rc8 Ke6 53. Rc6+
Kd7 54. Rxf6 Rxc4 55. Rf5 Rxe4 56. Rxg5 Ke6 57. Kf2 Kf6 58. Rh5 Rf4+ 59. Ke3 Ra4
60. Rh6+ Kg5 61. Rh8 Ra2 62. Ke4 Re2+ 63. Kf3 Ra2 64. Ke4 Re2+ 65. Kf3 Ra2 66.
Rg8+ Kf5 67. Rf8+ Kg5 68. Re8 Kf5 69. Rf8+ Kg5 70. Rg8+ Kf5 71. Rf8+ 1/2-1/2

[Event "Titled Tue 24th Jun Early"]
[Site "chess.com INT"]
[Date "2025.06.24"]
[Round "9"]
[White "Swara Lakshmi S Nair"]
[Black "Rushbrooke, Remy"]
[Result "0-1"]
[WhiteTitle "WCM"]
[WhiteElo "2187"]
[BlackElo "2090"]
[WhiteFideId "25629239"]
[BlackFideId "443590"]
[EventDate "2025.06.24"]

1. e4 c5 2. Nf3 Nc6 3. d4 cxd4 4. Nxd4 e5 5. Nb5 d6 6. N1c3 a6 7. Na3 Nf6 8. Bg5
Be7 9. Nc4 O-O 10. Bd3 d5 11. Bxf6 dxc4 12. Bxe7 Qxe7 13. Bxc4 b5 14. Nd5 Qc5
15. Be2 Be6 16. c3 Rad8 17. Bf3 f5 18. b4 Qc4 19. Qb3 Qxb3 20. axb3 fxe4 21. Nc7
exf3 22. Nxe6 fxg2 23. Rg1 Rd3 24. Nxf8 Rxc3 25. Ne6 Nxb4 26. Rd1 Nd3+ 27. Kd2
Rxb3 28. Rxg2 Kf7 29. Nxg7 Nf4 30. Rg3 Rb2+ 31. Ke1 e4 32. Rd7+ Kf6 33. Rd6+ Ke5
34. Rd2 Rb1+ 35. Rd1 Rb2 36. Ne8 Nd3+ 37. Rgxd3 exd3 38. Rxd3 a5 39. Nc7 a4 40.
Rd5+ Ke4 41. Rxb5 a3 42. Ra5 a2 43. Ne6 Rb1+ 44. Ke2 a1=Q 45. Rxa1 Rxa1 46. Ng5+
Kf4 47. Nxh7 Ra2+ 48. Ke1 Kf3 49. Ng5+ Kg2 50. Ne4 Ra4 51. Nd2 Kxh2 52. Ke2 Kh3
53. Ke3 Kg4 54. f3+ Kf5 55. Ne4 Ra3+ 56. Ke2 Kf4 57. Nd2 Ra2 58. Kd3 Rb2 59. Kc3
Rb8 60. Kd3 Re8 61. Kc3 Re3+ 62. Kd4 Re2 63. Kd3 Re7 64. Kd4 Rd7+ 65. Kc3 Ke3
66. Nc4+ Kf4 67. Nd2 Rd8 68. Kc2 Ke3 69. Nc4+ Kxf3 70. Ne5+ Ke4 71. Nc4 Kd4 72.
Kb3 Rb8+ 0-1

[Event "Titled Tue 24th Jun Early"]
[Site "chess.com INT"]
[Date "2025.06.24"]
[Round "9"]
[White "Firouzja, Alireza"]
[Black "Moussard, Jules"]
[Result "1-0"]
[WhiteTitle "GM"]
[BlackTitle "GM"]
[WhiteElo "2766"]
[BlackElo "2597"]
[WhiteFideId "12573981"]
[BlackFideId "642908"]
[EventDate "2025.06.24"]

1. Nf3 Nf6 2. g3 d5 3. Bg2 e6 4. O-O Be7 5. d3 O-O 6. Nbd2 a5 7. e4 a4 8. a3 Nc6
9. e5 Nd7 10. d4 b6 11. Re1 Ba6 12. c3 Bd3 13. Nf1 Bg6 14. g4 b5 15. Be3 Na5 16.
N3d2 Nb6 17. f4 Nbc4 18. Nxc4 Nxc4 19. Bc1 c5 20. Ng3 cxd4 21. cxd4 Bh4 22. Rf1
Bxg3 23. hxg3 Be4 24. Qe2 Bxg2 25. Kxg2 f6 26. Rh1 Qe8 27. Bd2 Nxd2 28. Qxd2 Qg6
29. Qe2 fxe5 30. dxe5 Rac8 31. Rac1 Rc4 32. Rc3 h6 33. Rf1 Rd8 34. Rf2 Rf8 35.
Qf3 Rd8 36. Rxc4 bxc4 37. f5 Qf7 38. f6 Rf8 39. Qd1 Qg6 40. Qxa4 gxf6 41. exf6
Rxf6 42. Qa8+ Kg7 43. Qa7+ Rf7 44. Qd4+ Kg8 45. Rxf7 Qxf7 46. a4 Qc7 47. Qf6 Qb6
48. Qg6+ Kf8 49. Qxh6+ Ke7 50. Qg7+ Kd6 51. g5 Qe3 52. Qf8+ Kc6 53. Qf4 Qe2+ 54.
Qf2 Qe4+ 55. Qf3 Qe5 56. g6 Qxb2+ 57. Kh3 Qg7 58. Qf7 Qh6+ 59. Kg4 c3 60. g7 c2
61. g8=Q c1=Q 62. Qc8+ Kd6 63. Qd8+ Ke5 64. Qb8+ Ke4 65. Qf3+ Kd4 66. Qb6+ Ke5
67. Qb8+ Kd4 68. Qb4+ Qc4 69. Qfc3+ Ke4 70. Qbxc4+ dxc4 71. Qxc4+ Ke5 72. Qf4+
Qxf4+ 73. gxf4+ Kd5 74. a5 Kc6 75. Kg5 e5 76. fxe5 1-0

[Event "Titled Tue 24th Jun Early"]
[Site "chess.com INT"]
[Date "2025.06.24"]
[Round "9"]
[White "Fiorito, Francisco"]
[Black "Chigaev, Maksim"]
[Result "1-0"]
[WhiteTitle "IM"]
[BlackTitle "GM"]
[WhiteElo "2433"]
[BlackElo "2635"]
[WhiteFideId "180165"]
[BlackFideId "4108116"]
[EventDate "2025.06.24"]

1. Nf3 d5 2. g3 g6 3. d4 Nf6 4. Bg2 Bg7 5. O-O O-O 6. c4 dxc4 7. Na3 Nc6 8. Nxc4
Be6 9. b3 a5 10. Bb2 a4 11. Nfe5 Nxe5 12. Nxe5 Bd5 13. Qc2 Bxg2 14. Kxg2 a3 15.
Bc3 Nd5 16. Rad1 Nxc3 17. Qxc3 c6 18. Nf3 Qd5 19. Rfe1 f5 20. Qc2 Rad8 21. Qc1
Qe4 22. Qxa3 Bxd4 23. Qb4 c5 24. Qc4+ e6 25. e3 Bf6 26. h4 Qxc4 27. bxc4 Kf7 28.
Kf1 Ke7 29. Ke2 Rxd1 30. Rxd1 Ra8 31. Rd2 Ra4 32. Rc2 b6 33. Ne1 e5 34. e4 Ke6
35. f3 f4 36. gxf4 exf4 37. Nd3 Be5 38. Nf2 h6 39. Nd3 Bc7 40. Nf2 Ke5 41. Nd3+
Kd4 42. Nc1 Ke5 43. Nb3 h5 44. Kd3 Bd8 45. Rh2 Ra7 46. Rg2 Rd7+ 47. Kc2 Rd6 48.
Rh2 Rd7 49. Kc3 Rg7 50. Nc1 Bf6 51. Nd3+ Ke6+ 52. Kc2 Be5 53. Rg2 Bc7 54. Rg5
Kf6 55. Rd5 g5 56. hxg5+ Rxg5 57. Rd7 Rg7 58. e5+ Bxe5 59. Rxg7 Kxg7 60. Nxe5
Kf6 61. Nd7+ Kf5 62. Kd3 h4 63. Ke2 h3 64. Kf2 Kg5 65. Nxb6 Kh4 66. Na4 h2 67.
Kg2 h1=Q+ 68. Kxh1 Kg3 69. Kg1 Kxf3 70. Kf1 Ke3 71. Nxc5 Kd4 72. a4 Kxc5 73. a5
Kc6 74. Kf2 Kb7 75. c5 Kc7 76. Kf3 1-0

[Event "Titled Tue 24th Jun Early"]
[Site "chess.com INT"]
[Date "2025.06.24"]
[Round "9"]
[White "Grot, Blazej"]
[Black "Domin, Yan"]
[Result "1/2-1/2"]
[WhiteTitle "CM"]
[BlackTitle "FM"]
[WhiteElo "2187"]
[BlackElo "2222"]
[WhiteFideId "21835845"]
[BlackFideId "34169342"]
[EventDate "2025.06.24"]

1. e4 c5 2. Nf3 Nc6 3. d4 cxd4 4. Nxd4 Nf6 5. Nc3 e5 6. Ndb5 d6 7. Bg5 a6 8. Na3
b5 9. Bxf6 gxf6 10. Nd5 f5 11. c3 Bg7 12. exf5 Be6 13. Nc2 Bxf5 14. Nce3 Bg6 15.
g3 O-O 16. Bg2 Rc8 17. O-O f5 18. f4 Ne7 19. Nxe7+ Qxe7 20. Nd5 Qa7+ 21. Kh1 Kh8
22. a4 Be8 23. axb5 Bxb5 24. Re1 Qc5 25. b3 e4 26. c4 Bc6 27. Rxa6 Bxd5 28. Qxd5
Qxd5 29. cxd5 Bc3 30. Rd1 Bb4 31. Rc6 Rb8 32. Bf1 Bc5 33. Bc4 Ra8 34. Kg2 Ra2+
35. Kh3 Ra7 36. Rb1 Rb8 37. Ra6 Rxa6 38. Bxa6 Ra8 39. Bc4 Bb4 40. Rb2 Kg7 41. g4
Kf6 42. g5+ Kg6 43. Bb5 Ra5 44. Be8+ Kg7 45. Bc6 h6 46. Kh4 Ra1 47. Kh5 hxg5 48.
Kxg5 e3 49. Re2 Bd2 50. b4 Rb1 51. Kxf5 Rxb4 52. Ke6 Rxf4 53. Kxd6 Kf6 54. Kc7
Ba5+ 55. Kd7 Ke5 56. Rxe3+ Kd4 57. Re6 Rh4 58. Re2 Rh7+ 59. Kc8 Kc5 60. Kb8 Bc7+
61. Kc8 Ba5 62. Re6 Rc7+ 63. Kb8 Rg7 64. Kc8 Rc7+ 65. Kb8 Rg7 66. Bb7 Bc7+ 67.
Kc8 Bxh2 68. Rc6+ Kd4 69. d6 Rg8+ 70. Kc7 Rg7+ 71. Kb6 Be5 72. Rc7 Rxc7 73. dxc7
Bxc7+ 1/2-1/2

[Event "Titled Tue 24th Jun Early"]
[Site "chess.com INT"]
[Date "2025.06.24"]
[Round "9"]
[White "Redor, Menandro"]
[Black "Odabasi, Ruzgar"]
[Result "1-0"]
[BlackTitle "CM"]
[WhiteElo "2021"]
[BlackElo "2170"]
[WhiteFideId "5222010"]
[BlackFideId "51604787"]
[EventDate "2025.06.24"]

1. d4 d5 2. Bf4 Nf6 3. e3 Bf5 4. c3 e6 5. Bd3 Bxd3 6. Qxd3 c6 7. Nd2 Nbd7 8.
Ngf3 Be7 9. O-O O-O 10. Rae1 c5 11. Ne5 cxd4 12. exd4 Nxe5 13. Bxe5 Bd6 14. f4
Qb6 15. Bxf6 gxf6 16. b4 f5 17. Re3 Kh8 18. Rh3 Rg8 19. Nf3 f6 20. Qe3 Rae8 21.
Rh6 Rg6 22. Rh5 Qc7 23. Nh4 Rg4 24. h3 Rxf4 25. Ng6+ Kg7 26. Nxf4 Qf7 27. Qg3+
Kh8 28. Ng6+ Kg8 29. Ne7+ Kh8 30. Qxd6 Qxh5 31. Qxe6 Qg5 32. Rxf5 Qg7 33. Rxf6
Qxe7 34. Qxe7 Rxe7 35. Rd6 Re3 36. Rxd5 Rxc3 37. Rd8+ Kg7 38. Rd7+ Kg6 39. Rxb7
Ra3 40. d5 Rxa2 41. d6 Rd2 42. d7 a6 43. Kf1 Kf6 44. Ke1 Rd4 45. Rb6+ Ke7 46.
Rxa6 Rxd7 47. Rh6 Kf8 48. b5 Kg7 49. Rc6 Rd5 50. b6 Rb5 51. Rc7+ Kg6 52. b7 Rb2
53. Kf1 h5 54. Ke1 Kg5 55. Kd1 Kf4 56. Rg7 Ke3 57. g4 hxg4 58. hxg4 Kf4 59. Kc1
Rb6 60. Kc2 Ke5 61. Kc3 Kf6 62. Rc7 Kg5 63. Kc4 Kxg4 64. Kc5 Rb1 65. Kc6 Kf5 66.
Kd7 Rd1+ 67. Kc8 Ke6 68. b8=Q Rd8+ 69. Kxd8 1-0

[Event "Titled Tue 24th Jun Early"]
[Site "chess.com INT"]
[Date "2025.06.24"]
[Round "9"]
[White "Donoso Aguirre, Maximiliano"]
[Black "Piesik, Piotr"]
[Result "1/2-1/2"]
[WhiteTitle "CM"]
[BlackTitle "IM"]
[WhiteElo "2050"]
[BlackElo "2436"]
[WhiteFideId "3458920"]
[BlackFideId "1136194"]
[EventDate "2025.06.24"]

1. e4 g6 2. d4 Bg7 3. Nf3 c6 4. Bd3 d6 5. O-O Nd7 6. c3 e5 7. Be3 Ngf6 8. Nbd2
O-O 9. h3 Re8 10. Qc2 Qc7 11. Rad1 d5 12. dxe5 Nxe4 13. Nxe4 dxe4 14. Bxe4 Nxe5
15. Nxe5 Bxe5 16. Bf3 Bf5 17. Qa4 a6 18. Qb4 Rac8 19. Bb6 Qb8 20. Rfe1 Bf6 21.
Qc5 Qf4 22. Be2 Re5 23. Qd6 Be7 24. Qd2 Qxd2 25. Rxd2 Bg5 26. Rd4 Rce8 27. f4
Bxf4 28. Rxf4 Rxe2 29. Rxe2 Rxe2 30. Rf2 Re1+ 31. Kh2 h5 32. h4 f6 33. Rd2 Kf7
34. Bf2 Rb1 35. a3 Be6 36. Bd4 Bd5 37. Rf2 f5 38. Re2 Be4 39. Kg3 Rh1 40. a4 Ke6
41. b4 Kd5 42. a5 Kc4 43. Re3 Rf1 44. Re2 f4+ 45. Kh2 Kd3 46. Ra2 Re1 47. Bf2
Re2 48. Rxe2 Kxe2 49. Bd4 Kf1 50. g3 f3 51. g4 hxg4 52. Kg3 Ke2 53. Bf2 Bf5 54.
Bd4 Kd3 55. Kf2 Ke4 56. Kg3 Be6 57. Kf2 Kf4 58. Be3+ Kf5 59. Bd4 Ke4 60. Kg3 Kf5
61. Kf2 g5 62. hxg5 Kxg5 63. Kg3 Kf5 64. Kf2 Kf4 65. Be3+ Ke4 66. Bd4 Kd3 67.
Kg3 Kc4 68. Kf2 c5 69. Bxc5 Kxc3 70. Kg3 Kd3 71. Kf2 Ke4 72. Kg3 Kf5 73. Kf2 Kf4
74. Be3+ Ke4 75. Bc5 Kd5 76. Kg3 Kc4 77. Kf2 Kd5 78. Kg3 Kc4 79. Kf2 Kd5 1/2-1/2